| 000 | 01014cab a2200241 4500 | ||
|---|---|---|---|
| 001 | ABS48541 | ||
| 008 | 090401t1993 xxu||||| |||| 00| 0 eng d | ||
| 035 | _a(Sirsi) u67297 | ||
| 041 | _aeng | ||
| 100 | _aAeberli, P. | ||
| 245 | _aTo what extent are a sub-contractor`s obligations under BEC sub-contract DOM/2 back to back with those of the main contractor under JCT with contractors design 1981? | ||
| 260 | _c1993 | ||
| 350 | _a0 | ||
| 490 |
_aConstruction Law Journal _v9(2) 1993, 101-107(7) |
||
| 520 | _aConsiders how JCT with contractors design 1981 and DOM/2 allocate responsibility for problems between the employer, contractor and the subcontractor. | ||
| 650 | _aDESIGN AND BUILD CONTRACTS | ||
| 650 | _aJCT 1981 WITH CONTRACTORS DESIGN | ||
| 650 | _aBUILT ENVIRONMENT-BUILDING CONTRACT FORMS-STANDARD FORMS OF BUILDING CONTRACT-JOINT CONTRACTS TRIBNUAL CONTRACTS | ||
| 650 | _aSUBCONTRACTORS | ||
| 690 | _aBUILT ENVIRONMENT-BUILDING CONTRACT FORMS | ||
| 942 | _n0 | ||
| 948 | _c04/03/1997 | ||
| 999 |
_c42115 _d42115 |
||